Pāṇinīyāṣṭakam. (Record no. 65239)

MARC details
000 -LEADER
fixed length control field 00617cam a22002291 4500
001 - CONTROL NUMBER
control field sa 65007608
003 - CONTROL NUMBER IDENTIFIER
control field DLC
005 - DATE AND TIME OF LATEST TRANSACTION
control field 20260227112149.0
008 - FIXED-LENGTH DATA ELEMENTS--GENERAL INFORMATION
fixed length control field 900212m19501962ii 000 0 sano
010 ## - LIBRARY OF CONGRESS CONTROL NUMBER
LC control number sa 65007608
035 ## - SYSTEM CONTROL NUMBER
System control number (OCoLC)21052537
040 ## - CATALOGING SOURCE
Original cataloging agency DLC
Transcribing agency WaU
Modifying agency DLC
042 ## - AUTHENTICATION CODE
Authentication code premarc
050 00 - LIBRARY OF CONGRESS CALL NUMBER
Classification number PK513
Item number .P26 1962
100 0# - MAIN ENTRY--PERSONAL NAME
Personal name Pāṇini.
245 10 - TITLE STATEMENT
Title Pāṇinīyāṣṭakam.
260 ## - PUBLICATION, DISTRIBUTION, ETC.
Date of publication, distribution, etc. [1950-62; v. 1, 1962]
300 ## - PHYSICAL DESCRIPTION
Extent 2 v. in 1.
Dimensions 25 cm.
440 #0 - SERIES STATEMENT/ADDED ENTRY--TITLE
Title Gurukula Saṃskr̥ta pāṭhamālā,
Volume/sequential designation puṣpam 8-9
650 #0 - SUBJECT ADDED ENTRY--TOPICAL TERM
Topical term or geographic name entry element Sanskrit language
General subdivision Grammar.
700 1# - ADDED ENTRY--PERSONAL NAME
Personal name Shastri, Ganga Dutta.

No items available.

Powered by Koha